000 00805nam a2200253Ia 4500
003 OSt
005 20221005103419.0
006 a|||||r|||| 00| 0
007 ta
008 221004b |||||||| |||| 00| 0 hin d
024 _a107526
037 _cTextual
040 _aCRL
_cCRL
_bhin
041 _2hin
_ahin
082 _aO152,6N11x, L2
100 _aसहल, कन्हैयालाल
245 0 _aचिन्तन के आयाम
246 _aChintan ke āyāma
260 _aजयपुर
_bचिन्मय प्रकाशन भारत
_c1972
300 _a301पृ0
_ccm.
650 _aहिन्दी साहित्य
942 _hO152,6N11x, L2
_cTEXL
_2cc
999 _c1010035
_d1010035